Ciclo de conferencias sobre "El exilio interior" (Record no. 197298)
[ view plain ]
| 000 -LEADER | |
|---|---|
| campo de control de longitud fija | 01972nim a2200421 i 4500 |
| 001 - NÚMERO DE CONTROL | |
| campo de control | 197298 |
| 003 - IDENTIFICADOR DE NÚMERO DE CONTROL | |
| campo de control | ES-MaACL |
| 005 - FECHA Y HORA DE LA ÚLTIMA TRANSACCIÓN | |
| campo de control | 20250828062619.0 |
| 007 - CAMPO FIJO DE DESCRIPCIÓN FÍSICA--INFORMACIÓN GENERAL | |
| campo de control de longitud fija | ss lsnjlcipnne |
| 008 - DATOS DE LONGITUD FIJA--INFORMACIÓN GENERAL | |
| campo de control de longitud fija | 140525s1991 sp nnnn |||| 00| spa d |
| 040 ## - FUENTE DE CATALOGACIÓN | |
| Lengua de catalogación | spa |
| Centro/agencia transcriptor | ES-MaACL |
| 100 1# - ENTRADA PRINCIPAL--NOMBRE DE PERSONA | |
| Nombre de persona | Padilla Novoa, Manuel |
| Término indicativo de función/relación | Autor |
| 9 (RLIN) | 88193 |
| 245 00 - MENCIÓN DEL TÍTULO | |
| Título | Ciclo de conferencias sobre "El exilio interior" |
| Medio | [Grabación sonora] : |
| Resto del título | con motivo de la publicación de los "Cuadernos de Miguel Alonso" |
| 260 ## - PUBLICACIÓN, DISTRIBUCIÓN, ETC. | |
| Lugar de publicación, distribución, etc. | Madrid : |
| Nombre del editor, distribuidor, etc. | Ateneo de Madrid, |
| Fecha de publicación, distribución, etc. | 1991 |
| 300 ## - DESCRIPCIÓN FÍSICA | |
| Extensión | 1 casete (ca. 90 min) : |
| Otras características físicas | son. ; |
| Dimensiones | 11 cm |
| 490 1# - MENCIÓN DE SERIE | |
| Materiales especificados | Actos culturales en el Ateneo de Madrid |
| 511 ## - NOTA DE PARTICIPANTES O INTÉRPRETES | |
| Nota de participantes o intérpretes | Participantes: José Prat, presidente del Ateneo; Juan Sisinio Pérez Garzón, consejero de Cultura y Educación, Junta de Castilla-La Mancha; Ramón de Garciasol, autor; Antonio Buero Vallejo, escritor; Leopoldo de Luis, escritor; Esteban Mate, dtor. Editorial Anthropos |
| 518 ## - NOTA DE FECHA/HORA Y LUGAR DE UN ACONTECIMIENTO | |
| Nota de fecha/hora y lugar de un acontecimiento | Grabado el 9 de abril de 1991 en el Salón de Actos del Ateneo de Madrid |
| 520 ## - RESUMEN, ETC. | |
| Sumario, etc. | Mesa redonda-coloquio sobre "El exilio interior" |
| 540 ## - NOTA DE CONDICIONES DE USO Y REPRODUCCIÓN | |
| Condiciones de uso y reproducción | Documento inédito |
| 594 ## - Nota al título y mención de responsabilidad | |
| a | Datos basados en la invitación |
| 600 #0 - PUNTO DE ACCESO ADICIONAL DE MATERIA--NOMBRE DE PERSONA | |
| 9 (RLIN) | 236740 |
| Nombre de persona | Gullón, Ricardo, |
| Fechas asociadas al nombre | 1908-1991- |
| Subdivisión de forma | Homenajes |
| 610 20 - PUNTO DE ACCESO ADICIONAL DE MATERIA--NOMBRE DE ENTIDAD CORPORATIVA | |
| Nombre de entidad corporativa o nombre de jurisdicción como elemento de entrada | Ateneo de Madrid- |
| Subdivisión general | Actos culturales- |
| Subdivisión cronológica | 1991- |
| Subdivisión de forma | Grabaciones sonoras |
| 9 (RLIN) | 240452 |
| 653 ## - TÉRMINO DE INDIZACIÓN--NO CONTROLADO | |
| Término no controlado | Archivo de la palabra |
| 655 #0 - TERMINO DE INDIZACIÓN--GENERO/FORMA | |
| Datos o término principal de género/forma | Conferencias |
| 9 (RLIN) | 234444 |
| 700 1# - ENTRADA AGREGADA--NOMBRE PERSONAL | |
| 9 (RLIN) | 93665 |
| Nombre de persona | Prat, José, |
| Término indicativo de función/relación | Orador |
| Fechas asociadas al nombre | 1905-1994 |
| 700 1# - ENTRADA AGREGADA--NOMBRE PERSONAL | |
| 9 (RLIN) | 90901 |
| Nombre de persona | Pérez Garzón, Juan Sisinio |
| Término indicativo de función/relación | Orador |
| 700 1# - ENTRADA AGREGADA--NOMBRE PERSONAL | |
| Nombre de persona | Garciasol, Ramón de, |
| Fechas asociadas al nombre | 1913-1994 |
| Término indicativo de función/relación | Orador |
| 9 (RLIN) | 236221 |
| 700 1# - ENTRADA AGREGADA--NOMBRE PERSONAL | |
| 9 (RLIN) | 32421 |
| Nombre de persona | Buero Vallejo, Antonio, |
| Término indicativo de función/relación | Orador |
| Fechas asociadas al nombre | 1916-2000 |
| 700 1# - ENTRADA AGREGADA--NOMBRE PERSONAL | |
| 9 (RLIN) | 74682 |
| Nombre de persona | Luis, Leopoldo de, |
| Término indicativo de función/relación | Orador |
| Fechas asociadas al nombre | 1918-2005 |
| 700 0# - ENTRADA AGREGADA--NOMBRE PERSONAL | |
| 9 (RLIN) | 78930 |
| Nombre de persona | Mate, Esteban |
| Término indicativo de función/relación | Orador |
| 710 2# - ENTRADA AGREGADA--NOMBRE DE ENTIDAD CORPORATIVA | |
| Nombre de entidad corporativa o nombre de jurisdicción como elemento de entrada | Ateneo de Madrid. |
| Unidad subordinada | Sección de Literatura |
| 9 (RLIN) | 1997 |
| 830 #0 - PUNTO DE ACCESO ADICIONAL DE SERIE-TÍTULO UNIFORME | |
| Título uniforme | Actos culturales en el Ateneo de Madrid |
| 9 (RLIN) | 240237 |
| 852 ## - LOCALIZACIÓN | |
| Ubicación | ES-MaACL |
| Ubicación en estantería | Depósito Z |
| itemnumber | 205568 |
| 942 ## - ELEMENTOS DE ENTRADA SECUNDARIOS (KOHA) | |
| Fuente del sistema de clasificación o colocación | Clasificación decimal universal |
| Suprimir en OPAC | No |
| Tipo de ítem Koha | Casete |
| Estatus retirado | Estado de pérdida | Fuente del sistema de clasificación o colocación | Estado de daño | No para préstamo | Colección | Biblioteca de origen | Biblioteca actual | Ubicación en estantería | Fecha de adquisición | Total de préstamos | Signatura topográfica completa | Código de barras | Visto por última vez | Precio de reemplazo | Tipo de ítem Koha |
|---|---|---|---|---|---|---|---|---|---|---|---|---|---|---|---|
| Clasificación decimal universal | Archivo de la palabra | Biblioteca del Ateneo de Madrid | Biblioteca del Ateneo de Madrid | Depósito Z | 16/05/2025 | AP/1269 | 2025-0321 | 16/05/2025 | 16/05/2025 | Casete |
